Die! die, evil! die! ahrrrgh! / (Record no. 290343)
[ view plain ]
| 000 -LEADER | |
|---|---|
| fixed length control field | 00350nam a2200121Ia 4500 |
| 008 - FIXED-LENGTH DATA ELEMENTS--GENERAL INFORMATION | |
| fixed length control field | 160114s9999 xx 000 0 und d |
| 050 ## - LIBRARY OF CONGRESS CALL NUMBER | |
| Classification number | Fic |
| 050 ## - LIBRARY OF CONGRESS CALL NUMBER | |
| Item number | .A162d 2007 |
| 100 ## - MAIN ENTRY--PERSONAL NAME | |
| Personal name | Abrera, Manix. |
| 245 ## - TITLE STATEMENT | |
| Title | Die! die, evil! die! ahrrrgh! / |
| Statement of responsibility, etc | Manix Abrera. |
| 260 ## - PUBLICATION, DISTRIBUTION, ETC. (IMPRINT) | |
| Place of publication, distribution, etc | Pasay City : |
| Name of publisher, distributor, etc | Visual Prin Enterprises. |
| Date of publication, distribution, etc | 2007 |
| 440 ## - SERIES STATEMENT/ADDED ENTRY--TITLE | |
| Title | Kiko machine komix. |
| Withdrawn status | Lost status | Damaged status | Home library | Current library | Shelving location | Date acquired | Total Checkouts | Full call number | Date last seen | Price effective from | Koha item type |
|---|---|---|---|---|---|---|---|---|---|---|---|
| Stonyhurst Southville International School (Batangas) | Stonyhurst Southville International School (Batangas) | Grade School Section | 01/14/2016 | Fic .A162d 2007 | 01/14/2016 | 01/14/2016 | Books |